Spravodajca

Bibliographic Details
Previous Title:Spravodaj
Format: Journal
Language:Slovak
PhysicalDescription:47 zv. 21 cm
Published: Bratislava Slovenský zväz záhradkárov - Ústredný výbor 1982-2013
Bratislava Slovenský zväz záhradkárov - Republikový výbor
Subjects:

MARC

LEADER 00000cas a2200000 a 4500
001 vtls008703797
003 SK-MaSNL
005 20260228155856.0
008 060525d19822013xo tr|p 0 b0slo
035 |a (SVKBB03)vtls000047284 
040 |a SNK  |b slo  |c SNK  |d SVKBB  |e AACR2 
041 0 |a slo 
044 |a xo  |c SK 
072 7 |a 634  |x Ovocinárstvo  |2 konspekt 
072 7 |a 635  |x Záhradkárstvo  |2 konspekt 
080 |a 634  |2 2011 
080 |a 634/635  |2 2011 
080 |a (051)-048.55  |2 2011 
080 |a 050  |2 2011 
245 0 0 |a Spravodajca 
260 |a Bratislava  |b Slovenský zväz záhradkárov - Ústredný výbor  |c 1982-2013 
260 3 |3 1996-2013  |a Bratislava  |b Slovenský zväz záhradkárov - Republikový výbor 
300 |a 47 zv.  |c 21 cm 
310 |a 3x ročne  |b 2005-2013 
321 |a 4x ročne  |b 1982-2004 
362 0 |a Č. 3 (1982)-č. 1 (2013) 
500 |a Od r. 2012 vydavateľ vydáva v tlačenej podobe vždy iba prvé číslo, druhé číslo je vydané len elektronicky ; od r. 2014 časopis vydávaný len v elektronickej forme 
500 |a Do č. 2/1982 vychádzal pod názvom Spravodaj 
650 0 7 |a ovocinárstvo  |2 SNKPH  |9 16370 
650 0 7 |a záhradkárstvo  |2 SNKPH  |9 2728 
655 7 |a špecializované časopisy  |2 SNKPH  |2 SNKPH  |9 70509 
710 2 |a Slovenský zväz záhradkárov  |4 pbl  |9 29704 
780 0 0 |t Spravodaj  |w vtls008883250 
852 |a Štátna vedecká knižnica v Banskej Bystrici 
910 |a snk 
916 |a 1983-2013 
999 |c 795  |d 795 
952 |0 0  |1 0  |4 0  |7 0  |8 0  |a SNK  |b SNK  |d 2020-12-03  |f 1  |i snk2020/21734  |l 0  |o snkČSB 2214/2005  |p 17A1433042  |r 2026-02-21 19:24:20  |t č. 1-3  |w 2026-02-21  |y PREZ 
952 |0 0  |1 0  |4 0  |7 0  |8 0  |a SNK  |b SNK  |d 2020-12-03  |f 1  |i snk2020/21738  |l 0  |o snkČSB 2214/2006  |p 17A1433041  |r 2026-02-21 19:24:20  |t č. 1-3  |w 2026-02-21  |y PREZ 
952 |0 0  |1 0  |4 0  |7 0  |8 0  |a SNK  |b SNK  |d 2020-12-03  |f 1  |i snk2020/21740  |l 0  |o snkČSB 2214/2007  |p 17A1433040  |r 2026-02-21 19:24:20  |t č. 1-3  |w 2026-02-21  |y PREZ 
952 |0 0  |1 0  |4 0  |7 0  |8 0  |a SNK  |b SNK  |d 2020-12-03  |f 1  |i snk2020/21742  |l 0  |o snkČSB 2214/2008  |p 17A1433039  |r 2026-02-21 19:24:21  |t č. 1-3  |w 2026-02-21  |y PREZ 
952 |0 0  |1 0  |4 0  |7 0  |8 0  |a SNK  |b SNK  |d 2020-12-03  |f 1  |i snk2020/21743  |l 0  |o snkČSB 2214/2009  |p 17A1433038  |r 2026-02-21 19:24:21  |t č. 1-3  |w 2026-02-21  |y PREZ 
952 |0 0  |1 0  |4 0  |7 0  |8 0  |a SNK  |b SNK  |d 2020-12-03  |f 1  |i snk2020/21744  |l 0  |o snkČSB 2214/2010  |p 17A1433037  |r 2026-02-21 19:24:21  |t č. 1-3  |w 2026-02-21  |y PREZ 
952 |0 0  |1 0  |4 0  |7 0  |8 0  |a SNK  |b SNK  |d 2020-12-03  |f 1  |i snk2020/21745  |l 0  |o snkČSB 2214/2011  |p 17A1433036  |r 2026-02-21 19:24:21  |t č. 1-3  |w 2026-02-21  |y PREZ 
952 |0 0  |1 0  |4 0  |7 0  |8 0  |a SNK  |b SNK  |d 2020-12-03  |f 1  |i snk2020/21748  |l 0  |o snkČSB 2214/2012  |p 17A1433035  |r 2026-02-21 19:24:21  |t č. 1  |w 2026-02-21  |y PREZ  |z -č. 2 vydané len elektronicky 
952 |0 0  |1 0  |4 0  |7 0  |8 0  |a SNK  |b SNK  |d 2020-12-03  |f 1  |i snk2020/21749  |l 0  |o snkČSB 2214/2013  |p 17A1433034  |r 2026-02-21 19:24:21  |t č. 1  |w 2026-02-21  |y PREZ  |z -č. 2 vydané len elektronicky 
952 |0 0  |1 0  |4 0  |7 0  |8 0  |a SNK  |b SNK  |d 2020-12-03  |i snk2020/21751  |l 0  |o snkČSB 2214/2005 D1  |p 17A1433033  |r 2026-02-21 19:24:21  |t č. 1-3  |w 2026-02-21  |y PREZ 
952 |0 0  |1 0  |4 0  |7 0  |8 0  |a SNK  |b SNK  |d 2020-12-03  |i snk2020/21754  |l 0  |o snkČSB 2214/2006 D1  |p 17A1433032  |r 2026-02-21 19:24:21  |t č. 1-3  |w 2026-02-21  |y PREZ 
952 |0 0  |1 0  |4 0  |7 0  |8 0  |a SNK  |b SNK  |d 2020-12-03  |i snk2020/21756  |l 0  |o snkČSB 2214/2007 D1  |p 17A1433031  |r 2026-02-21 19:24:21  |t č. 1-3  |w 2026-02-21  |y PREZ 
952 |0 0  |1 0  |4 0  |7 0  |8 0  |a SNK  |b SNK  |d 2020-12-03  |i snk2020/21758  |l 0  |o snkČSB 2214/2008 D1  |p 17A1433030  |r 2026-02-21 19:24:21  |t č. 1-3  |w 2026-02-21  |y PREZ 
952 |0 0  |1 0  |4 0  |7 0  |8 0  |a SNK  |b SNK  |d 2020-12-03  |i snk2020/21760  |l 0  |o snkČSB 2214/2009 D1  |p 17A1433029  |r 2026-02-21 19:24:21  |t č. 1-3  |w 2026-02-21  |y PREZ 
952 |0 0  |1 0  |4 0  |7 0  |8 0  |a SNK  |b SNK  |d 2020-12-03  |i snk2020/21763  |l 0  |o snkČSB 2214/2010 D1  |p 17A1433028  |r 2026-02-21 19:24:21  |t č. 1-3  |w 2026-02-21  |y PREZ 
952 |0 0  |1 0  |4 0  |7 0  |8 0  |a SNK  |b SNK  |d 2020-12-03  |i snk2020/21764  |l 0  |o snkČSB 2214/2011 D1  |p 17A1433027  |r 2026-02-21 19:24:21  |t č. 1-3  |w 2026-02-21  |y PREZ 
952 |0 0  |1 0  |4 0  |7 0  |8 0  |a SNK  |b SNK  |d 2020-12-03  |i snk2020/21766  |l 0  |o snkČSB 2214/2012 D1  |p 17A1433026  |r 2026-02-21 19:24:21  |t č. 1  |w 2026-02-21  |y PREZ  |z -č. 2 vydané len elektronicky 
952 |0 0  |1 0  |4 0  |7 0  |8 0  |a SNK  |b SNK  |d 2020-12-03  |i snk2020/21768  |l 0  |o snkČSB 2214/2013 D1  |p 17A1433025  |r 2026-02-21 19:24:21  |t č. 1  |w 2026-02-21  |y PREZ  |z -č. 2 vydané len elektronicky 
952 |0 0  |1 0  |4 0  |7 0  |8 0  |a SNK  |b SNK  |d 2020-12-08  |f 1  |i snkČSP 767/84  |l 0  |o snkČSB 2214/1983  |p 17A0944664  |r 2026-02-21 19:24:42  |t č. 1-4  |w 2026-02-21  |y PREZ 
952 |0 0  |1 0  |4 0  |7 0  |8 0  |a SNK  |b SNK  |d 2020-12-08  |f 1  |i snkČSP 687/85  |l 0  |o snkČSB 2214/1984  |p 17A0944667  |r 2026-02-21 19:24:43  |t č. 1-4  |w 2026-02-21  |y PREZ 
952 |0 0  |1 0  |4 0  |7 0  |8 0  |a SNK  |b SNK  |d 2020-12-08  |f 1  |i snkČSP 4685/86  |l 0  |o snkČSB 2214/1985  |p 17A0944665  |r 2026-02-21 19:24:43  |t č. 1-4  |w 2026-02-21  |y PREZ 
952 |0 0  |1 0  |4 0  |7 0  |8 0  |a SNK  |b SNK  |d 2020-12-08  |f 1  |i snkČSP 1046/88  |l 0  |o snkČSB 2214/1986  |p 17A0944666  |r 2026-02-21 19:24:43  |t č. 1-4  |w 2026-02-21  |y PREZ 
952 |0 0  |1 0  |4 0  |7 0  |8 0  |a SNK  |b SNK  |d 2020-12-08  |f 1  |i snkČSP 4721/89  |l 0  |o snkČSB 2214/1987  |p 17A0944663  |r 2026-02-21 19:24:43  |t č. 1-4  |w 2026-02-21  |y PREZ 
952 |0 0  |1 0  |4 0  |7 0  |8 0  |a SNK  |b SNK  |d 2020-12-08  |f 1  |i snkČSP 5172/89  |l 0  |o snkČSB 2214/1988  |p 17A1432986  |r 2026-02-21 19:24:43  |t č. 1-4  |w 2026-02-21  |y PREZ 
952 |0 0  |1 0  |4 0  |7 0  |8 0  |a SNK  |b SNK  |d 2020-12-08  |f 1  |i snkČSP 4304/91  |l 0  |o snkČSB 2214/1989  |p 17A0944668  |r 2026-02-21 19:24:43  |t č. 1-4  |w 2026-02-21  |y PREZ 
952 |0 0  |1 0  |4 0  |7 0  |8 0  |a SNK  |b SNK  |d 2020-12-08  |f 1  |i snkČSP 6085/93  |l 0  |o snkČSB 2214/1991  |p 17A0866110  |r 2026-02-21 19:24:43  |t č. 1-4  |w 2026-02-21  |y PREZ 
952 |0 0  |1 0  |4 0  |7 0  |8 0  |a SNK  |b SNK  |d 2020-12-08  |f 1  |i snkČSP 6084/93  |l 0  |o snkČSB 2214/1992  |p 17A0866109  |r 2026-02-21 19:24:43  |t č. 1-4  |w 2026-02-21  |y PREZ 
952 |0 0  |1 0  |4 0  |7 0  |8 0  |a SNK  |b SNK  |d 2020-12-08  |f 1  |i snkČSP 4744/94  |l 0  |o snkČSB 2214/1993  |p 17A0866111  |r 2026-02-21 19:24:43  |t č. 1-4  |w 2026-02-21  |y PREZ 
952 |0 0  |1 0  |4 0  |7 0  |8 0  |a SNK  |b SNK  |d 2020-12-08  |f 1  |i snkČSP 1684/96  |l 0  |o snkČSB 2214/1994  |p 17A0866104  |r 2026-02-21 19:24:43  |t č. 1-4  |w 2026-02-21  |y PREZ 
952 |0 0  |1 0  |4 0  |7 0  |8 0  |a SNK  |b SNK  |d 2020-12-08  |f 1  |i snkČSP 1682/96  |l 0  |o snkČSB 2214/1995  |p 17A0866106  |r 2026-02-21 19:24:46  |t č. 1-4  |w 2026-02-21  |y PREZ 
952 |0 0  |1 0  |4 0  |7 0  |8 0  |a SNK  |b SNK  |d 2020-12-08  |f 1  |i snkČSP 3010/99  |l 0  |o snkČSB 2214/1996  |p 17A0866100  |r 2026-02-21 19:24:46  |t č. 1-4  |w 2026-02-21  |y PREZ 
952 |0 0  |1 0  |4 0  |7 0  |8 0  |a SNK  |b SNK  |d 2020-12-08  |f 1  |i snkČSP 3012/99  |l 0  |o snkČSB 2214/1997  |p 17A0866101  |r 2026-02-21 19:24:46  |t č. 1-4  |w 2026-02-21  |y PREZ 
952 |0 0  |1 0  |4 0  |7 0  |8 0  |a SNK  |b SNK  |d 2020-12-08  |f 1  |i snkČSP 3014/99  |l 0  |o snkČSB 2214/1998  |p 17A0866103  |r 2026-02-21 19:24:46  |t č. 1-4  |w 2026-02-21  |y PREZ 
952 |0 0  |1 0  |4 0  |7 0  |8 0  |a SNK  |b SNK  |d 2007-11-22  |f 1  |i snk2007/25628  |l 0  |o snkČSB 2214/1999  |p 17A0463072  |r 2026-02-21 20:21:26  |t č. 1-4  |w 2026-02-21  |y PREZ 
952 |0 0  |1 0  |4 0  |7 0  |8 0  |a SNK  |b SNK  |d 2007-11-22  |i snk2007/25631  |l 0  |o snkČSB 2214/1999 D1  |p 17A0463073  |r 2026-02-21 20:21:26  |t č. 1-4  |w 2026-02-21  |y PREZ 
952 |0 0  |1 0  |4 0  |7 0  |8 0  |a SNK  |b SNK  |d 2007-11-22  |f 1  |i snk2007/25633  |l 0  |o snkČSB 2214/2000  |p 17A0463074  |r 2026-02-21 20:21:27  |t č. 1-4  |w 2026-02-21  |y PREZ 
952 |0 0  |1 0  |4 0  |7 0  |8 0  |a SNK  |b SNK  |d 2007-11-22  |i snk2007/25636  |l 0  |o snkČSB 2214/2000 D1  |p 17A0463075  |r 2026-02-21 20:21:27  |t č. 1-4  |w 2026-02-21  |y PREZ 
952 |0 0  |1 0  |4 0  |7 0  |8 0  |a SNK  |b SNK  |d 2007-11-22  |f 1  |i snk2007/25637  |l 0  |o snkČSB 2214/2001  |p 17A0463076  |r 2026-02-21 20:21:27  |t č. 1-4  |w 2026-02-21  |y PREZ 
952 |0 0  |1 0  |4 0  |7 0  |8 0  |a SNK  |b SNK  |d 2007-11-22  |i snk2007/25638  |l 0  |o snkČSB 2214/2001 D1  |p 17A0463077  |r 2026-02-21 20:21:27  |t č. 1-4  |w 2026-02-21  |y PREZ 
952 |0 0  |1 0  |4 0  |7 0  |8 0  |a SNK  |b SNK  |d 2007-11-22  |f 1  |i snk2007/25639  |l 0  |o snkČSB 2214/2002  |p 17A0463079  |r 2026-02-21 20:21:27  |t č. 1-4  |w 2026-02-21  |y PREZ 
952 |0 0  |1 0  |4 0  |7 0  |8 0  |a SNK  |b SNK  |d 2007-11-22  |i snk2007/25641  |l 0  |o snkČSB 2214/2002 D1  |p 17A0463078  |r 2026-02-21 20:21:27  |t č. 1-4, neúplné  |w 2026-02-21  |y PREZ  |z Chýba č. 3. 
952 |0 0  |1 0  |4 0  |7 0  |8 0  |a SNK  |b SNK  |d 2007-11-22  |f 1  |i snk2007/25646  |l 0  |o snkČSB 2214/2003  |p 17A0463081  |r 2026-02-21 20:21:27  |t č. 1-3  |w 2026-02-21  |y PREZ 
952 |0 0  |1 0  |4 0  |7 0  |8 0  |a SNK  |b SNK  |d 2007-11-22  |i snk2007/25649  |l 0  |o snkČSB 2214/2003 D1  |p 17A0463080  |r 2026-02-21 20:21:27  |t č. 1-3  |w 2026-02-21  |y PREZ 
952 |0 0  |1 0  |4 0  |7 0  |a SNK  |b SNK  |d 1997-12-18  |f 1  |i snkČSP 5323/91  |l 0  |o snkČSB 2214/1990  |p 17A0115428  |r 2005-01-02 00:00:00  |t č. 1-4  |w 2026-02-21  |y PREZ 
952 |0 0  |1 0  |4 0  |7 0  |8 0  |a SNK  |b SNK  |d 2007-11-22  |f 1  |i snk2007/25650  |l 0  |o snkČSB 2214/2004  |p 17A0463082  |r 2026-02-21 21:22:50  |t č. 1-4  |w 2026-02-21  |y PREZ 
952 |0 0  |1 0  |4 0  |7 0  |8 0  |a SNK  |b SNK  |d 2007-11-22  |i snk2007/25651  |l 0  |o snkČSB 2214/2004 D1  |p 17A0463083  |r 2026-02-21 21:22:50  |t č. 1-4  |w 2026-02-21  |y PREZ